Longest Border by US State - Statistics

General Stats
  • This quiz has been taken 39 times
  • The average score is 13 of 15
Answer Stats
State Longest Border % Correct
California Nevada
97%
Mississippi Louisiana
95%
Texas Oklahoma
95%
Michigan Indiana
92%
Wyoming Montana
92%
Maine New Hampshire
89%
Washington Oregon
89%
Colorado New Mexico
87%
North Dakota South Dakota
87%
New Mexico Texas
87%
New Jersey Pennsylvania
84%
Montana Idaho
82%
Tennessee Kentucky
82%
Virginia West Virginia
82%
Missouri Illinois
79%
No matching quizzes found
Score Distribution
Percent of People with Each Score
Percentile by Number Answered
Your Score History
You have not taken this quiz